Least Populated Countries - Statistics

General Stats
  • This quiz has been taken 15 times
  • The average score is 12 of 15
Answer Stats
Hint Answer % Correct
11 Andorra
93%
8 Marshall Islands
93%
6 Monaco
93%
3 Nauru
93%
4 Palau
93%
5 San Marino
93%
2 Tuvalu
93%
1 Vatican City
93%
7 Liechtenstein
86%
15 Federated States of Micronesia
79%
9 Saint Kitts and Nevis
79%
10 Dominica
57%
12 Seychelles
57%
13 Tonga
50%
14 Antigua and Barbuda
43%
No matching quizzes found
Score Distribution
Percent of People with Each Score
Percentile by Number Answered
Your Score History
You have not taken this quiz